000 00283nam a22001217a 4500
008 170605b xxu||||| |||| 00| 0 eng d
041 _aeng
080 _a94
100 _a18
101 _aSHH
245 _aWESTERN SOCIETES A DOKUMENTARY HISTORY
_cTIERNEY.B
942 _2udc
_cBK
999 _c15878
_d15878